Did You Really Mean That? Quiz Stats

 Plays Quiz Updated Jan 29, 2019

Support Sporcle.
Go Orange.
Score 0/24 Timer 07:00
1 Play Today
% Correct
fourth
94.9%
pi
91.1%
burgerlar
90%
brownthesaurus
89.2%
roll
87.7%
axe
86%
foibles
85.8%
disoriented
85.7%
exceptance
85.3%
toadal
85%
dissent
84.7%
occidentally
84.4%
% Correct
shelfish
84.2%
chorale
82.7%
exhilaration
82%
spell
81.8%
distinguisher
81.7%
outstanding
81.5%
prose
80%
myth
79.1%
precedings
77.7%
deference
73.9%
extracentury
73%
extinguished
72.9%

From the Vault

Reverse Alphabet: Science

by samc67

Science 6m
Hopefully you know your science backwards and forwards.
Remove Ads.
Support Sporcle.
Get the best of Sporcle when you Go Orange. This ad-free experience offers more features, more stats, and more fun while also helping to support Sporcle. Thank you for becoming a member.

Show Comments

Extras

Top Quizzes Today


Score Distribution

Your Account Isn't Verified!

In order to create a playlist on Sporcle, you need to verify the email address you used during registration. Go to your Sporcle Settings to finish the process.

Report this User

Report this user for behavior that violates our Community Guidelines.

Details: